• 首页
  • 本馆介绍
  • 公告通知
  • 最新文献
  • 馆藏检索
  • 电子资源
  • 读者导购
  • 参考咨询
  • 我的图书馆
  • 登录
  • 详细信息显示
  • 放入我的书架
  • 预约/预借图书
  • 作者相关作品
  • 分类相关作品
  • 丛书相关作品
  • 出版社相关作品

书目信息

  • 表格格式
  • 工作单格式
  • 卡片格式
题名:
工程项目管理
    
 
作者: 北京建筑工程学院丛培经 主编
分册:  
出版信息: 北京   中国建筑工业出版社  2003
页数: 280页
开本: 26cm
丛书名:
单 册:
中图分类: F224.5
科图分类:
主题词: 经济--计算 , 经济数学--方法
电子资源:
ISBN: 7-112-05662-4
000 00756nam0 2200229 450
001 0654026171
005 20060929150144.70
010    @a7-112-05662-4@dCNY22.00
100    @a20060929d2003 km y0chiy0120 ea
101 0  @achi
102    @aCN@b110000
200 1  @a工程项目管理@Agong cheng xiang mu guan li@f北京建筑工程学院丛培经主编@Fbei jing jian zhu gong cheng xue yuan cong pei jing zhu bian
205    @a修订版
210    @a北京@c中国建筑工业出版社@d2003
215    @a280页@c图表@d26cm
300    @a高等学校教材
606 0  @a经济@x计算
606 0  @a经济数学@x方法
690    @aF224.5@v3
701  0 @a北京建筑工程学院丛培经@Abei jing jian zhu gong cheng xue yuan cong pei jing@4主编
801  0 @aCN@bNISOFT@c20060929
905    @a10447@dF224.5@e197=2
    
    工程项目管理/北京建筑工程学院丛培经主编.-修订版.-北京:中国建筑工业出版社,2003
    280页:图表;26cm
    高等学校教材
    
    ISBN 7-112-05662-4:CNY22.00
    
●
相关链接 在E读中查询图书 在五车中查询图书 在当当中查询图书 在豆瓣中查询图书


正题名:工程项目管理     索取号:F224.5/197=2         预约/预借

序号 登录号 条形码 馆藏地/架位号 状态 备注
1 0493688   204936882   密集书库/ [索取号:F224.5/197=2] 在馆    
唐山师范学院图书馆 欢迎您!
大连网信软件有限公司© 版权所有